000
00348 a2200169 4500
001
174298
020
_a
040
_c
Magnum
100
_a
Lima, Flavio Ferraz
240
1
0
_a
A cartola mágica
_l
por
245
1
0
_a
A cartola mágica
300
_a
20
362
0
_a
1992
440
1
_a
Lê
697
_a
LITERATURA INFANTO-JUVENIL
942
_c
BK
999
_c
174298
_d
174298